000 00289nam a22001337a 4500
008 170914b xxu||||| |||| 00| 0 eng d
020 _a9780130321367
041 _aeng
080 _a74
100 _a44
101 _aART
245 _aDIGITAL PHOTOGRAPHY
_cCIACLIA.J
942 _2udc
_cBK
999 _c27555
_d27555